00724nam a2200241 a 450000100060000000300080000600500170001400800390003103500130007003500190008304000370010204100080013908200200014724500810016726000470024830000240029549000280031949000180034750400260036560000300039170000330042183000280045419676BD-RjUL20211209000449.0140225s1963 nju b 000 p eng a63-15413 a(BD-RjUL)19736 aDLCcDLCdm.cdEQOdBD-RjULbeng aeng a821.4bDRY 196310aDryden :ba collection of critical essays /cedited by Bernard N. Schilling. aEnglewood Cliffs :bPrentice-Hall,cc1963. av, 186 p. ;c21 cm.1 aTwentieth century views0 aSpectrum book aBibliography: p. 186.10aDryden, John,d1631-1700.1 aSchilling, Bernard Nicholas. 0aTwentieth century views